000 00452nam a2200181Ia 4500
001 1783
005 20260306143754.0
008 260306t2007||||xx |||||||||||||| ||spa||
041 _aESP
082 _a155.4
_bM36
100 _aMedina Liberty, Adrián
_eAUT
245 0 _aPensamiento y lenguaje:
_benfoques constructivistas
260 _c2007
300 _aix, 159 páginas :
_c23 cm.
650 _aGEN
654 _aCPS
942 _cLIB
_dJUS
_fJUS
_2ddc
_n
999 _c1783
_d1783